Sports Quiz

Random Sports or NFL Quiz

NFL 10000 Yard Receivers since 2000 Quiz Stats

 Plays Quiz not verified by Sporcle

Score 0/14 Timer 04:00
0 Plays Today
% Correct
Reggie Wayne
93.3%
Randy Moss
92.9%
Terrell Owens
92.1%
Tony Gonzalez
91.3%
Torry Holt
86.1%
Marvin Harrison
84.9%
Hines Ward
84.5%
% Correct
Steve Smith
82.9%
Larry Fitzgerald
82.1%
Andre Johnson
79.4%
Chad Johnson
72.6%
Anquan Boldin
71%
Donald Driver
60.7%
Derrick Mason
51.6%

You're not logged in!

Compare scores with friends on all Sporcle quizzes.
OR
Log In

You Might Also Like...

Show Comments

Extras

Top Quizzes Today


Score Distribution

Your Account Isn't Verified!

In order to create a playlist on Sporcle, you need to verify the email address you used during registration. Go to your Sporcle Settings to finish the process.

Report this User

Report this user for behavior that violates our Community Guidelines.

Details: